书目信息 |
| 题名: |
图解Visual Foxpro5.0
|
|
| 作者: | 杨益军 编著 | |
| 分册: | ||
| 出版信息: | 西安 西北电子科技大学出版社 1998.01 |
|
| 页数: | 274页 | |
| 开本: | 26cm | |
| 丛书名: | ||
| 单 册: | ||
| 中图分类: | TP392 | |
| 科图分类: | ||
| 主题词: | 计算机应用 | |
| 电子资源: | ||
| ISBN: | 7-5606-0567-2 | |
| 000 | 00589nam0 2200193 450 | |
| 001 | 0832694388 | |
| 005 | 20080918090647.16 | |
| 010 | @a7-5606-0567-2@dCNY23.00 | |
| 100 | @a20080918d1998 km y0chiy0120 ea | |
| 101 | 0 | @achi |
| 102 | @aCN@b610000 | |
| 200 | 1 | @a图解Visual Foxpro5.0@Atu jie Visual Foxpro5.0@f杨益军等编著@Fyang yi jun deng bian zhu |
| 210 | @a西安@c西北电子科技大学出版社@d1998.01 | |
| 215 | @a274页@d26cm | |
| 606 | 0 | @a计算机应用 |
| 690 | @aTP392@v4 | |
| 701 | 0 | @a杨益军@Ayang yi jun@4编著 |
| 801 | 0 | @aCN@b大连网信软件有限公司图书馆·11@c20080918 |
| 905 | @aBZT@dTP392@e2 | |
| 图解Visual Foxpro5.0/杨益军等编著.-西安:西北电子科技大学出版社,1998.01 |
| 274页;26cm |
| ISBN 7-5606-0567-2:CNY23.00 |
| ● |
| 相关链接 |
|
|
|
正题名:图解Visual Foxpro5.0
索取号:TP392/2
 
预约/预借
| 序号 | 登录号 | 条形码 | 馆藏地/架位号 | 状态 | 备注 |
| 1 | 017520 | 201274593 | 中心书库中库/ 中库026架B面6列1层6/ [索取号:TP392/2] | 在馆 |